| Tag |
First Indicator |
Second Indicator |
Subfields |
| LEADER |
00000cam a2200000Ia 4500 |
| 001 |
in00001778921 |
| 005 |
20151025090343.0 |
| 008 |
030806s2003 nyuab b 001 0 eng d |
| 020 |
|
|
|a 0021493995 (gr. 1)
|
| 020 |
|
|
|a 0021494045 (gr. 1, teacher's ed.)
|
| 020 |
|
|
|a 0021494010 (gr. 2)
|
| 020 |
|
|
|a 0021494045 (gr.2, teacher's ed.)
|
| 020 |
|
|
|a 0021494029 (gr.3)
|
| 020 |
|
|
|a 0021494061 (gr.3, teacher's ed.)
|
| 020 |
|
|
|a 0021492662 (gr.4)
|
| 020 |
|
|
|a 002149276X (gr.4, teacher's ed.)
|
| 020 |
|
|
|a 0021494037 (gr.5)
|
| 020 |
|
|
|a 002149407X (gr.5, teacher's ed., v.1)
|
| 020 |
|
|
|a 0021494088 (gr.5, teacher's ed., v.2)
|
| 035 |
|
|
|a (OCoLC)ocm52800142
|
| 040 |
|
|
|a INT
|c INT
|d TXA
|d UtOrBLW
|
| 049 |
|
|
|a TXAM
|
| 090 |
|
|
|a H86
|b .M332 2003
|
| 245 |
0 |
0 |
|a Macmillan/McGraw-Hill social studies /
|c James A. Banks [and others] ; National Geographic.
|
| 246 |
3 |
0 |
|a Social studies
|
| 250 |
|
|
|a Texas ed.
|
| 264 |
|
1 |
|a New York :
|b Macmillan/McGraw-Hill,
|c [2003]
|
| 264 |
|
4 |
|c ©2003
|
| 300 |
|
|
|a 5 volumes :
|b illustrations, maps ;
|c 29 cm. +
|e Teacher's ed. ( 5 volumes in 6 : color illustrations ; 31 cm.) + Assessment bks. + Practice & activity bks. + Read-aloud anthology bks. + Response to Proclamation 2000.
|
| 336 |
|
|
|a text
|b txt
|2 rdacontent
|
| 337 |
|
|
|a unmediated
|b n
|2 rdamedia
|
| 338 |
|
|
|a volume
|b nc
|2 rdacarrier
|
| 500 |
|
|
|a State adopted textbook.
|
| 500 |
|
|
|a Conforming.
|
| 521 |
|
|
|a Grades 1-5.
|
| 504 |
|
|
|a Includes bibliographical references and index.
|
| 505 |
1 |
|
|a Gr. 1. People and places -- Gr. 2. We live together -- Gr. 3. Our communities -- Gr. 4. Texas, our Texas -- Gr. 5. Our nation.
|
| 500 |
|
|
|a Teacher edition includes Texas Essential Knowledge & Skills (TEKS) and Texas Assessment of Knowledge & Skills (TAKS) correlations.
|
| 650 |
|
0 |
|a Social sciences.
|
| 650 |
|
0 |
|a History.
|
| 650 |
|
0 |
|a Geography.
|
| 700 |
1 |
|
|a Banks, James A.
|
| 710 |
2 |
|
|a National Geographic Society (U.S.)
|
| 710 |
2 |
|
|a Macmillan/McGraw-Hill School Publishing Company.
|
| 740 |
0 |
2 |
|a People and places.
|n Grade 1.
|
| 740 |
0 |
2 |
|a We live together.
|n Grade 2.
|
| 740 |
0 |
2 |
|a Our communities.
|n Grade 3.
|
| 740 |
0 |
2 |
|a Texas, our Texas.
|n Grade 4.
|
| 740 |
0 |
2 |
|a Our nation.
|n Grade 5.
|
| 948 |
|
|
|a cataloged
|b cmulkey
|c 2003/8/19
|d 1:13:55 pm
|
| 994 |
|
|
|a E0
|b TXA
|
| 999 |
|
|
|a MARS
|
| 999 |
f |
f |
|s c094bb2f-0720-3f07-aa8a-53275c0aaef8
|i 992ff5d3-e79e-3e19-a5c5-077ef629bf6b
|t 0
|
| 952 |
f |
f |
|p normal
|a Texas A&M University
|b College Station
|c Sterling C. Evans Library
|d Evans: Curriculum Collection Textbooks (4th floor)
|t 0
|e H86 .M332 2003
|h Library of Congress classification
|i unmediated -- volume
|k Gr.1:Teachers ed.
|m A14830470915
|
| 952 |
f |
f |
|p normal
|a Texas A&M University
|b College Station
|c Sterling C. Evans Library
|d Evans: Curriculum Collection Textbooks (4th floor)
|t 0
|e H86 .M332 2003
|h Library of Congress classification
|i unmediated -- volume
|k Gr.1:Assessment
|m A14830470923
|
| 952 |
f |
f |
|p normal
|a Texas A&M University
|b College Station
|c Sterling C. Evans Library
|d Evans: Curriculum Collection Textbooks (4th floor)
|t 0
|e H86 .M332 2003
|h Library of Congress classification
|i unmediated -- volume
|k Gr.2:Practice
|m A14830496335
|
| 952 |
f |
f |
|p normal
|a Texas A&M University
|b College Station
|c Sterling C. Evans Library
|d Evans: Curriculum Collection Textbooks (4th floor)
|t 0
|e H86 .M332 2003
|h Library of Congress classification
|i unmediated -- volume
|k Gr.5
|m A14830496521
|
| 952 |
f |
f |
|p normal
|a Texas A&M University
|b College Station
|c Sterling C. Evans Library
|d Evans: Curriculum Collection Textbooks (4th floor)
|t 0
|e H86 .M332 2003
|h Library of Congress classification
|i unmediated -- volume
|k Gr.3
|m A14830471026
|
| 952 |
f |
f |
|p normal
|a Texas A&M University
|b College Station
|c Sterling C. Evans Library
|d Evans: Curriculum Collection Textbooks (4th floor)
|t 0
|e H86 .M332 2003
|h Library of Congress classification
|i unmediated -- volume
|k Gr.5:Assessment
|m A14830496505
|
| 952 |
f |
f |
|p normal
|a Texas A&M University
|b College Station
|c Sterling C. Evans Library
|d Evans: Curriculum Collection Textbooks (4th floor)
|t 0
|e H86 .M332 2003
|h Library of Congress classification
|i unmediated -- volume
|k Gr.3:Assessment
|m A14830471042
|
| 952 |
f |
f |
|p normal
|a Texas A&M University
|b College Station
|c Sterling C. Evans Library
|d Evans: Curriculum Collection Textbooks (4th floor)
|t 0
|e H86 .M332 2003
|h Library of Congress classification
|i unmediated -- volume
|k Gr.4:Teachers ed.
|m A14830496432
|
| 952 |
f |
f |
|p normal
|a Texas A&M University
|b College Station
|c Sterling C. Evans Library
|d Evans: Curriculum Collection Textbooks (4th floor)
|t 0
|e H86 .M332 2003
|h Library of Congress classification
|i unmediated -- volume
|k Gr.2:Response
|m A14830471018
|
| 952 |
f |
f |
|p normal
|a Texas A&M University
|b College Station
|c Sterling C. Evans Library
|d Evans: Curriculum Collection Textbooks (4th floor)
|t 0
|e H86 .M332 2003
|h Library of Congress classification
|i unmediated -- volume
|k Gr.2
|m A14830470965
|
| 952 |
f |
f |
|p normal
|a Texas A&M University
|b College Station
|c Sterling C. Evans Library
|d Evans: Curriculum Collection Textbooks (4th floor)
|t 0
|e H86 .M332 2003
|h Library of Congress classification
|i unmediated -- volume
|k Gr.2:Teachers ed.
|m A14830496319
|
| 952 |
f |
f |
|p normal
|a Texas A&M University
|b College Station
|c Sterling C. Evans Library
|d Evans: Curriculum Collection Textbooks (4th floor)
|t 0
|e H86 .M332 2003
|h Library of Congress classification
|i unmediated -- volume
|k Gr.2:Anthology
|m A14830496343
|
| 952 |
f |
f |
|p normal
|a Texas A&M University
|b College Station
|c Sterling C. Evans Library
|d Evans: Curriculum Collection Textbooks (4th floor)
|t 0
|e H86 .M332 2003
|h Library of Congress classification
|i unmediated -- volume
|k Gr.3:Practice
|m A14830496393
|
| 952 |
f |
f |
|p normal
|a Texas A&M University
|b College Station
|c Sterling C. Evans Library
|d Evans: Curriculum Collection Textbooks (4th floor)
|t 0
|e H86 .M332 2003
|h Library of Congress classification
|i unmediated -- volume
|k Gr.5:Response
|m A14830471204
|
| 952 |
f |
f |
|p normal
|a Texas A&M University
|b College Station
|c Sterling C. Evans Library
|d Evans: Curriculum Collection Textbooks (4th floor)
|t 0
|e H86 .M332 2003
|h Library of Congress classification
|i unmediated -- volume
|k Gr.2:Assessment
|m A14830496327
|
| 952 |
f |
f |
|p normal
|a Texas A&M University
|b College Station
|c Sterling C. Evans Library
|d Evans: Curriculum Collection Textbooks (4th floor)
|t 0
|e H86 .M332 2003
|h Library of Congress classification
|i unmediated -- volume
|k Gr.4:Practice
|m A14830496458
|
| 952 |
f |
f |
|p normal
|a Texas A&M University
|b College Station
|c Sterling C. Evans Library
|d Evans: Curriculum Collection Textbooks (4th floor)
|t 0
|e H86 .M332 2003
|h Library of Congress classification
|i unmediated -- volume
|k Gr.4:Teachers ed.
|m A14830471092
|
| 952 |
f |
f |
|p normal
|a Texas A&M University
|b College Station
|c Sterling C. Evans Library
|d Evans: Curriculum Collection Textbooks (4th floor)
|t 0
|e H86 .M332 2003
|h Library of Congress classification
|i unmediated -- volume
|k Gr.5:Teachers ed.:v.1
|m A14830471157
|
| 952 |
f |
f |
|p normal
|a Texas A&M University
|b College Station
|c Sterling C. Evans Library
|d Evans: Curriculum Collection Textbooks (4th floor)
|t 0
|e H86 .M332 2003
|h Library of Congress classification
|i unmediated -- volume
|k Gr.5:Practice
|m A14830496513
|
| 952 |
f |
f |
|p normal
|a Texas A&M University
|b College Station
|c Sterling C. Evans Library
|d Evans: Curriculum Collection Textbooks (4th floor)
|t 0
|e H86 .M332 2003
|h Library of Congress classification
|i unmediated -- volume
|k Gr.3:Teachers ed.
|m A14830471034
|
| 952 |
f |
f |
|p normal
|a Texas A&M University
|b College Station
|c Sterling C. Evans Library
|d Evans: Curriculum Collection Textbooks (4th floor)
|t 0
|e H86 .M332 2003
|h Library of Congress classification
|i unmediated -- volume
|k Gr.2:Teachers ed.
|m A14830470973
|
| 952 |
f |
f |
|p normal
|a Texas A&M University
|b College Station
|c Sterling C. Evans Library
|d Evans: Curriculum Collection Textbooks (4th floor)
|t 0
|e H86 .M332 2003
|h Library of Congress classification
|i unmediated -- volume
|k Gr.3:Anthology
|m A14830471068
|
| 952 |
f |
f |
|p normal
|a Texas A&M University
|b College Station
|c Sterling C. Evans Library
|d Evans: Curriculum Collection Textbooks (4th floor)
|t 0
|e H86 .M332 2003
|h Library of Congress classification
|i unmediated -- volume
|k Gr.4
|m A14830471084
|
| 952 |
f |
f |
|p normal
|a Texas A&M University
|b College Station
|c Sterling C. Evans Library
|d Evans: Curriculum Collection Textbooks (4th floor)
|t 0
|e H86 .M332 2003
|h Library of Congress classification
|i unmediated -- volume
|k Gr.5:Response
|m A14830496547
|
| 952 |
f |
f |
|p normal
|a Texas A&M University
|b College Station
|c Sterling C. Evans Library
|d Evans: Curriculum Collection Textbooks (4th floor)
|t 0
|e H86 .M332 2003
|h Library of Congress classification
|i unmediated -- volume
|k Gr.3:Anthology
|m A14830496408
|
| 952 |
f |
f |
|p normal
|a Texas A&M University
|b College Station
|c Sterling C. Evans Library
|d Evans: Curriculum Collection Textbooks (4th floor)
|t 0
|e H86 .M332 2003
|h Library of Congress classification
|i unmediated -- volume
|k Gr.1:Practice
|m A14830470931
|
| 952 |
f |
f |
|p normal
|a Texas A&M University
|b College Station
|c Sterling C. Evans Library
|d Evans: Curriculum Collection Textbooks (4th floor)
|t 0
|e H86 .M332 2003
|h Library of Congress classification
|i unmediated -- volume
|k Gr.3:Practice
|m A14830471050
|
| 952 |
f |
f |
|p normal
|a Texas A&M University
|b College Station
|c Sterling C. Evans Library
|d Evans: Curriculum Collection Textbooks (4th floor)
|t 0
|e H86 .M332 2003
|h Library of Congress classification
|i unmediated -- volume
|k Gr.5
|m A14830471149
|
| 952 |
f |
f |
|p normal
|a Texas A&M University
|b College Station
|c Sterling C. Evans Library
|d Evans: Curriculum Collection Textbooks (4th floor)
|t 0
|e H86 .M332 2003
|h Library of Congress classification
|i unmediated -- volume
|k Gr.1:Response
|m A14830496296
|
| 952 |
f |
f |
|p normal
|a Texas A&M University
|b College Station
|c Sterling C. Evans Library
|d Evans: Curriculum Collection Textbooks (4th floor)
|t 0
|e H86 .M332 2003
|h Library of Congress classification
|i unmediated -- volume
|k Gr.5:Anthology
|m A14830496539
|
| 952 |
f |
f |
|p normal
|a Texas A&M University
|b College Station
|c Sterling C. Evans Library
|d Evans: Curriculum Collection Textbooks (4th floor)
|t 0
|e H86 .M332 2003
|h Library of Congress classification
|i unmediated -- volume
|k Gr.4:Response
|m A14830496474
|
| 952 |
f |
f |
|p normal
|a Texas A&M University
|b College Station
|c Sterling C. Evans Library
|d Evans: Curriculum Collection Textbooks (4th floor)
|t 0
|e H86 .M332 2003
|h Library of Congress classification
|i unmediated -- volume
|k Gr.1:Practice
|m A14830496270
|
| 952 |
f |
f |
|p normal
|a Texas A&M University
|b College Station
|c Sterling C. Evans Library
|d Evans: Curriculum Collection Textbooks (4th floor)
|t 0
|e H86 .M332 2003
|h Library of Congress classification
|i unmediated -- volume
|k Gr.5:Assessment
|m A14830471173
|
| 952 |
f |
f |
|p normal
|a Texas A&M University
|b College Station
|c Sterling C. Evans Library
|d Evans: Curriculum Collection Textbooks (4th floor)
|t 0
|e H86 .M332 2003
|h Library of Congress classification
|i unmediated -- volume
|k Gr.1:Teachers ed.
|m A14830496254
|
| 952 |
f |
f |
|p normal
|a Texas A&M University
|b College Station
|c Sterling C. Evans Library
|d Evans: Curriculum Collection Textbooks (4th floor)
|t 0
|e H86 .M332 2003
|h Library of Congress classification
|i unmediated -- volume
|k Gr.3:Response
|m A14830496416
|
| 952 |
f |
f |
|p normal
|a Texas A&M University
|b College Station
|c Sterling C. Evans Library
|d Evans: Curriculum Collection Textbooks (4th floor)
|t 0
|e H86 .M332 2003
|h Library of Congress classification
|i unmediated -- volume
|k Gr.5:Anthology
|m A14830471199
|
| 952 |
f |
f |
|p normal
|a Texas A&M University
|b College Station
|c Sterling C. Evans Library
|d Evans: Curriculum Collection Textbooks (4th floor)
|t 0
|e H86 .M332 2003
|h Library of Congress classification
|i unmediated -- volume
|k Gr.5:Teachers ed.:v.1
|m A14830496482
|
| 952 |
f |
f |
|p normal
|a Texas A&M University
|b College Station
|c Sterling C. Evans Library
|d Evans: Curriculum Collection Textbooks (4th floor)
|t 0
|e H86 .M332 2003
|h Library of Congress classification
|i unmediated -- volume
|k Gr.5:Teachers ed.:v.2
|m A14830471165
|
| 952 |
f |
f |
|p normal
|a Texas A&M University
|b College Station
|c Sterling C. Evans Library
|d Evans: Curriculum Collection Textbooks (4th floor)
|t 0
|e H86 .M332 2003
|h Library of Congress classification
|i unmediated -- volume
|k Gr.5:Practice
|m A14830471181
|
| 952 |
f |
f |
|p normal
|a Texas A&M University
|b College Station
|c Sterling C. Evans Library
|d Evans: Curriculum Collection Textbooks (4th floor)
|t 0
|e H86 .M332 2003
|h Library of Congress classification
|i unmediated -- volume
|k Gr.2
|m A14830496301
|
| 952 |
f |
f |
|p normal
|a Texas A&M University
|b College Station
|c Sterling C. Evans Library
|d Evans: Curriculum Collection Textbooks (4th floor)
|t 0
|e H86 .M332 2003
|h Library of Congress classification
|i unmediated -- volume
|k Gr.1
|m A14830496246
|
| 952 |
f |
f |
|p normal
|a Texas A&M University
|b College Station
|c Sterling C. Evans Library
|d Evans: Curriculum Collection Textbooks (4th floor)
|t 0
|e H86 .M332 2003
|h Library of Congress classification
|i unmediated -- volume
|k Gr.4:Anthology
|m A14830471123
|
| 952 |
f |
f |
|p normal
|a Texas A&M University
|b College Station
|c Sterling C. Evans Library
|d Evans: Curriculum Collection Textbooks (4th floor)
|t 0
|e H86 .M332 2003
|h Library of Congress classification
|i unmediated -- volume
|k Gr.4:Practice
|m A14830471115
|
| 952 |
f |
f |
|p normal
|a Texas A&M University
|b College Station
|c Sterling C. Evans Library
|d Evans: Curriculum Collection Textbooks (4th floor)
|t 0
|e H86 .M332 2003
|h Library of Congress classification
|i unmediated -- volume
|k Gr.2:Anthology
|m A14830471000
|
| 952 |
f |
f |
|p normal
|a Texas A&M University
|b College Station
|c Sterling C. Evans Library
|d Evans: Curriculum Collection Textbooks (4th floor)
|t 0
|e H86 .M332 2003
|h Library of Congress classification
|i unmediated -- volume
|k Gr.1:Response
|m A14830470957
|
| 952 |
f |
f |
|p normal
|a Texas A&M University
|b College Station
|c Sterling C. Evans Library
|d Evans: Curriculum Collection Textbooks (4th floor)
|t 0
|e H86 .M332 2003
|h Library of Congress classification
|i unmediated -- volume
|k Gr.1:Anthology
|m A14830470949
|
| 952 |
f |
f |
|p normal
|a Texas A&M University
|b College Station
|c Sterling C. Evans Library
|d Evans: Curriculum Collection Textbooks (4th floor)
|t 0
|e H86 .M332 2003
|h Library of Congress classification
|i unmediated -- volume
|k Gr.1
|m A14830470907
|
| 952 |
f |
f |
|p normal
|a Texas A&M University
|b College Station
|c Sterling C. Evans Library
|d Evans: Curriculum Collection Textbooks (4th floor)
|t 0
|e H86 .M332 2003
|h Library of Congress classification
|i unmediated -- volume
|k Gr.4:Anthology
|m A14830496466
|
| 952 |
f |
f |
|p normal
|a Texas A&M University
|b College Station
|c Sterling C. Evans Library
|d Evans: Curriculum Collection Textbooks (4th floor)
|t 0
|e H86 .M332 2003
|h Library of Congress classification
|i unmediated -- volume
|k Gr.1:Assessment
|m A14830496262
|
| 952 |
f |
f |
|p normal
|a Texas A&M University
|b College Station
|c Sterling C. Evans Library
|d Evans: Curriculum Collection Textbooks (4th floor)
|t 0
|e H86 .M332 2003
|h Library of Congress classification
|i unmediated -- volume
|k Gr.3:Response
|m A14830471076
|
| 952 |
f |
f |
|p normal
|a Texas A&M University
|b College Station
|c Sterling C. Evans Library
|d Evans: Curriculum Collection Textbooks (4th floor)
|t 0
|e H86 .M332 2003
|h Library of Congress classification
|i unmediated -- volume
|k Gr.4:Assessment
|m A14830496440
|
| 952 |
f |
f |
|p normal
|a Texas A&M University
|b College Station
|c Sterling C. Evans Library
|d Evans: Curriculum Collection Textbooks (4th floor)
|t 0
|e H86 .M332 2003
|h Library of Congress classification
|i unmediated -- volume
|k Gr.2:Response
|m A14830496351
|
| 952 |
f |
f |
|p normal
|a Texas A&M University
|b College Station
|c Sterling C. Evans Library
|d Evans: Curriculum Collection Textbooks (4th floor)
|t 0
|e H86 .M332 2003
|h Library of Congress classification
|i unmediated -- volume
|k Gr.4:Assessment
|m A14830471107
|
| 952 |
f |
f |
|p normal
|a Texas A&M University
|b College Station
|c Sterling C. Evans Library
|d Evans: Curriculum Collection Textbooks (4th floor)
|t 0
|e H86 .M332 2003
|h Library of Congress classification
|i unmediated -- volume
|k Gr.4:Response
|m A14830471131
|
| 952 |
f |
f |
|p normal
|a Texas A&M University
|b College Station
|c Sterling C. Evans Library
|d Evans: Curriculum Collection Textbooks (4th floor)
|t 0
|e H86 .M332 2003
|h Library of Congress classification
|i unmediated -- volume
|k Gr.5:Teachers ed.:v.2
|m A14830496490
|
| 952 |
f |
f |
|p normal
|a Texas A&M University
|b College Station
|c Sterling C. Evans Library
|d Evans: Curriculum Collection Textbooks (4th floor)
|t 0
|e H86 .M332 2003
|h Library of Congress classification
|i unmediated -- volume
|k Gr.2:Practice
|m A14830470999
|
| 952 |
f |
f |
|p normal
|a Texas A&M University
|b College Station
|c Sterling C. Evans Library
|d Evans: Curriculum Collection Textbooks (4th floor)
|t 0
|e H86 .M332 2003
|h Library of Congress classification
|i unmediated -- volume
|k Gr.3:Teachers ed.
|m A14830496377
|
| 952 |
f |
f |
|p normal
|a Texas A&M University
|b College Station
|c Sterling C. Evans Library
|d Evans: Curriculum Collection Textbooks (4th floor)
|t 0
|e H86 .M332 2003
|h Library of Congress classification
|i unmediated -- volume
|k Gr.2:Assessment
|m A14830470981
|
| 952 |
f |
f |
|p normal
|a Texas A&M University
|b College Station
|c Sterling C. Evans Library
|d Evans: Curriculum Collection Textbooks (4th floor)
|t 0
|e H86 .M332 2003
|h Library of Congress classification
|i unmediated -- volume
|k Gr.3
|m A14830496369
|
| 952 |
f |
f |
|p normal
|a Texas A&M University
|b College Station
|c Sterling C. Evans Library
|d Evans: Curriculum Collection Textbooks (4th floor)
|t 0
|e H86 .M332 2003
|h Library of Congress classification
|i unmediated -- volume
|k Gr.1:Anthology
|m A14830496288
|
| 952 |
f |
f |
|p normal
|a Texas A&M University
|b College Station
|c Sterling C. Evans Library
|d Evans: Curriculum Collection Textbooks (4th floor)
|t 0
|e H86 .M332 2003
|h Library of Congress classification
|i unmediated -- volume
|k Gr.3:Assessment
|m A14830496385
|
| 998 |
f |
f |
|a H86 .M332 2003
|s Gr.1-Gr.5
|t 0
|l Evans: Curriculum Collection Textbooks (4th floor)
|
| 998 |
f |
f |
|a H86 .M332 2003
|s Gr.1-Gr.3,Gr.5
|t 0
|l Evans: Curriculum Collection Textbooks (4th floor)
|